000 00392nmm a2200145Ia 4500
008 251105s9999||||xx |||||||||||||||||und||
041 _aspa
100 _aMarch, Caroline
245 0 _aNo todo fue un sueño
264 _a[Madrid, España] :
_bEdiciones B,
_c2015
300 _a387 páginas
650 _aRomance
856 _uhttps://public.digitaliapublishing.com/a/54178
942 _cCF
999 _c105513
_d105513